| 000 | 00883cam a22002294a 4500 | ||
|---|---|---|---|
| 001 | 11925236 | ||
| 005 | 20250223095056.0 | ||
| 008 | 000229s2001 nyua b 001 0 eng c | ||
| 020 | _a0071349014 | ||
| 050 | 0 | 0 |
_aRJ47 _b.A15 2001 |
| 082 | 0 | 0 |
_a618.92 _221 |
| 245 | 0 | 0 |
_a20 common problems in pediatrics / _ceditor, Abraham B. Bergman. |
| 260 |
_aNew York : _bMcGraw-Hill, Health Professions Division, _cc2001. |
||
| 300 |
_axii, 355 p. : _bill. (some col.) ; _c24 cm. |
||
| 650 | 0 | _aPediatrics. | |
| 650 | 1 | 2 | _aPediatrics. |
| 700 | 1 |
_aBergman, Abraham B., _d1932- |
|
| 856 | 4 | 2 |
_3Publisher description _uhttp://www.loc.gov/catdir/description/mh021/00020236.html |
| 856 | 4 | 1 |
_3Table of contents _uhttp://www.loc.gov/catdir/toc/mh021/00020236.html |
| 856 | 4 | 2 |
_3Contributor biographical information _uhttp://www.loc.gov/catdir/enhancements/fy0739/00020236-b.html |
| 942 |
_2lcc _cBK _n0 |
||
| 999 |
_c4161 _d4161 |
||